| 000 | 00565nam a2200193 i 4500 | ||
|---|---|---|---|
| 001 | 61424 | ||
| 003 | ES-MaACL | ||
| 005 | 20230906164443.0 | ||
| 007 | t| | ||
| 008 | 031112s1920 fr ||||1| fre d | ||
| 245 | 0 | 0 |
_aExcercices de géometrie descriptive / _cpar F.G.M. |
| 250 | _a5eme ed. | ||
| 260 |
_aTours : _bAlfred Mame et fils, _c1920. |
||
| 300 |
_aX, 1160 p. : _bil. ; _c21 cm. |
||
| 490 | 1 | _aCours de mathématiques elémentaires | |
| 830 | 0 |
_aCours de mathématiques elémentaires _9182800 |
|
| 852 |
_aES-MaACL _jF-4017 |
||
| 999 |
_c61424 _d61424 |
||